000 00842cab a2200241 4500
001 ABS55856
008 090401t1996 xxu||||| |||| 00| 0 eng d
035 _a(Sirsi) u19179
041 _aeng
100 _aWarren, A.
245 _aLondon gets measure of town centre health
260 _c1996
350 _a0
490 _aPlanning (for the Natural and Built Environment)
_v(1185) 6 September 1996, 8-9(2)
520 _aReports on the London Planning Advisory Committee`s system of health checks for assessing the health of town centres and considers how the method could be applied outside London. Sample town centre profile.
650 _aHEALTH CHECKS
650 _aLPAC
650 _aPLANNING POLICY GUIDANCE NOTE SIX
650 _aTOWN CENTRES
690 _aPLANNING LAW AND PRACTICE
942 _n0
948 _c04/03/1997
999 _c12776
_d12776